Vesnice za lesem /
Uložené v:
| Hlavný autor: | |
|---|---|
| Médium: | Kniha |
| Jazyk: | Czech |
| Vydané: |
Ostrava :
Krajské nakladatelství,
1961
|
| Vydanie: | 1. vyd. |
| ISBN: |
(viaz.) |
| Fyzický popis: |
118, [2] s. |
| Tagy: |
Pridať tag
Žiadne tagy, Buďte prvý kto otaguje tento záznam!
|
Titul je dostupný aj v ... 

MARC
| LEADER | 00000nam a22000001 4500 | ||
|---|---|---|---|
| 001 | 000438513 | ||
| 005 | 20131007175221.0 | ||
| 008 | 980611s1961 xr e cze d | ||
| 020 | |a (viaz.) |c Kčs 7,66 | ||
| 040 | |a SVKKK |b slo |c SVKKK |e AACR2 | ||
| 041 | 0 | |a cze | |
| 044 | |a xr |c CZ | ||
| 100 | 1 | |a Čečetka, František, |d 1917-1982 |4 aut | |
| 245 | 1 | 0 | |a Vesnice za lesem / |c František Čečetka. |
| 250 | |a 1. vyd. | ||
| 260 | |a Ostrava : |b Krajské nakladatelství, |c 1961 |e (Čes. Těšín : |f Tisk 3) | ||
| 300 | |a 118, [2] s. | ||
| 366 | |e 5000 výt. | ||
| 500 | |a Il. tit. dvojlist: Svatoslav Böhm | ||
| 910 | |a svkkk | ||
| 998 | |a BK | ||
| 090 | |g SCKHL |k Sklad Pribinova prízemie |a I.17096 |j 291291 |i 2720390230 |s Beletria | ||